[Event "76th ch-UKR Women 2016"]
[Site "Rivne UKR"]
[Date "2016.12.08"]
[Round "1.1"]
[White "Osmak, Iulija"]
[Black "Rakhmangulova, Anastasiya"]
[Result "1-0"]
[WhiteTitle "WGM"]
[BlackTitle "WIM"]
[WhiteElo "2346"]
[BlackElo "2256"]
[WhiteFideId "14101602"]
[BlackFideId "14117479"]
[EventDate "2016.12.08"]

1. e4 e5 2. Nf3 Nc6 3. Bb5 a6 4. Ba4 Nf6 5. Qe2 Be7 6. c3 b5 7. Bb3 O-O 8. O-O
d5 9. d3 Bb7 10. Nbd2 Qd7 11. Rd1 dxe4 12. Nxe4 Nd5 13. a4 Nf4 14. Bxf4 exf4 15.
axb5 axb5 16. d4 Na5 17. Ne5 Qe8 18. Bc2 f6 19. Nf3 Nc4 20. Bd3 Bd5 21. b3 Nb6
22. Bxb5 Qf7 23. c4 Bb7 24. d5 Kh8 25. Nc3 Bc5 26. Qe4 g5 27. Nd4 f5 28. Qe5+
Qf6 29. Qxf6+ Rxf6 30. Ne6 Bb4 31. Rxa8+ Nxa8 32. Na2 Be7 33. Nxg5 c6 34. Re1
cxb5 35. Rxe7 1-0

[Event "76th ch-UKR Women 2016"]
[Site "Rivne UKR"]
[Date "2016.12.08"]
[Round "1.2"]
[White "Dolzhykova, Kateryna"]
[Black "Babiy, Olga"]
[Result "0-1"]
[WhiteTitle "WIM"]
[BlackTitle "WGM"]
[WhiteElo "2269"]
[BlackElo "2322"]
[WhiteFideId "14113414"]
[BlackFideId "14117258"]
[EventDate "2016.12.08"]

1. e4 c5 2. Nf3 e6 3. c4 Nc6 4. Nc3 e5 5. Be2 d6 6. O-O Be7 7. d3 f5 8. exf5
Bxf5 9. Nd2 Nf6 10. Nde4 O-O 11. Nxf6+ Bxf6 12. Bf3 Bg5 13. Bd5+ Kh8 14. f4 exf4
15. Bxf4 Bg6 16. Bg3 Nd4 17. Ne4 Be7 18. Qd2 Qd7 19. Rae1 Rae8 20. h3 b6 21.
Rxf8+ Rxf8 22. Ng5 Bf6 23. Ne6 Re8 24. Nxd4 Bxd4+ 25. Kh2 Rxe1 26. Bxe1 Qf5 27.
Be4 Qf1 28. Bxg6 hxg6 29. h4 Bg1+ 30. Kh3 Qf5+ 31. g4 Qf1+ 32. Kg3 Bd4 33. Bf2
Be5+ 34. Kf3 Qh3+ 35. Ke2 Qxg4+ 36. Kf1 Qf3 37. Kg1 Qh3 38. Be1 Bd4+ 39. Bf2
Qg3+ 40. Kf1 Bxf2 41. Qxf2 Qxd3+ 42. Kg2 Qxc4 43. Qf8+ Kh7 44. Qxd6 Qxa2 45. Qe5
Qc4 46. Kh3 Qd3+ 47. Kg2 Qd4 48. Qe2 c4 49. h5 Qd5+ 0-1

[Event "76th ch-UKR Women 2016"]
[Site "Rivne UKR"]
[Date "2016.12.08"]
[Round "1.3"]
[White "Ivanenko, Olga I."]
[Black "Gaponenko, Inna"]
[Result "0-1"]
[WhiteTitle "WFM"]
[BlackTitle "IM"]
[WhiteElo "2261"]
[BlackElo "2411"]
[WhiteFideId "14121093"]
[BlackFideId "14101181"]
[EventDate "2016.12.08"]

1. e4 g6 2. d4 Bg7 3. Nc3 c6 4. Be3 d5 5. Qd2 dxe4 6. Nxe4 Nd7 7. O-O-O Ngf6 8.
f3 Nxe4 9. fxe4 Nf6 10. e5 Nd5 11. Bh6 Bxh6 12. Qxh6 Qa5 13. Bc4 Bg4 14. Nf3
Bxf3 15. gxf3 O-O-O 16. Kb1 e6 17. Bb3 Qb4 18. a3 Qf8 19. Qh4 Qe7 20. Qe4 Rd7
21. Rd3 f5 22. exf6 Qxf6 23. Rhd1 Rhd8 24. Ka1 Qf5 25. c4 Nf4 26. R3d2 Qxe4 27.
fxe4 e5 28. d5 c5 29. d6 Rf7 30. Ba4 Rf6 31. b4 b6 32. bxc5 bxc5 33. Bc6 g5 34.
Ka2 g4 35. a4 h5 36. Be8 h4 37. d7+ Kc7 38. Rg1 Ra6 39. Ka3 Ne6 40. Rd5 Rb8 41.
Rxg4 Rab6 42. d8=Q+ Rxd8 43. Bb5 a6 44. a5 Rbd6 45. Ba4 h3 46. Rg3 Kb8 47. Rxh3
Rxd5 48. exd5 Nd4 49. Re3 Rh8 50. Rxe5 Rh3+ 51. Kb2 Rxh2+ 52. Kc1 Ne2+ 53. Kd2
Nd4+ 54. Kd3 Ra2 55. Bd1 Rxa5 56. d6 Kb7 57. Rd5 Nc6 58. Bf3 Nb4+ 59. Ke4 Nxd5
60. Kxd5 Ra3 61. Be4 Kb6 62. d7 Kc7 63. Bf5 Rg3 64. Ke6 a5 65. Ke7 Rg7+ 66. Kf6
Rxd7 67. Bxd7 Kxd7 68. Ke5 a4 69. Ke4 0-1

[Event "76th ch-UKR Women 2016"]
[Site "Rivne UKR"]
[Date "2016.12.08"]
[Round "1.5"]
[White "Buksa, Nataliya"]
[Black "Tsirulnik, Maritsa"]
[Result "1-0"]
[WhiteTitle "WGM"]
[WhiteElo "2264"]
[BlackElo "2161"]
[WhiteFideId "14123622"]
[BlackFideId "14118688"]
[EventDate "2016.12.08"]

1. e4 c5 2. Nf3 e6 3. d4 cxd4 4. Nxd4 Nc6 5. Nc3 Qc7 6. Be2 a6 7. O-O Nf6 8. Be3
Be7 9. f4 d6 10. Kh1 O-O 11. Qe1 Nxd4 12. Bxd4 b5 13. a3 Bb7 14. Qg3 g6 15. Bf3
Bc6 16. Rae1 a5 17. Nd1 b4 18. Ne3 bxa3 19. bxa3 Rad8 20. c4 Rfe8 21. Rb1 Nxe4
22. Bxe4 Bxe4 23. Bb6 Qc6 24. Bxd8 Rxd8 25. Rbd1 f5 26. Rd2 Rb8 27. Rfd1 a4 28.
Qf2 Rb3 29. Nc2 Qxc4 30. Qa7 Rb7 31. Qa8+ Bf8 32. Nd4 Rb2 33. Qa5 Rb8 34. Kg1
Ra8 35. Qb6 e5 36. Nb5 exf4 37. Nxd6 Qa6 38. Qf2 Qa7 39. Re1 Qxf2+ 40. Kxf2 Bxd6
41. Rxd6 Ra7 42. Red1 g5 43. h4 gxh4 44. Rd8+ Kf7 45. R1d7+ Rxd7 46. Rxd7+ Ke6
47. Rd4 h5 48. Rxa4 Kd5 49. Ra8 Kc4 50. Rh8 Kb3 51. Rxh5 Kxa3 52. Rxh4 Kb3 53.
Rxf4 Bd3 54. Ke3 Kc3 55. Rd4 Bb1 56. g3 Bc2 57. Rd5 Kc4 58. Re5 1-0

[Event "76th ch-UKR Women 2016"]
[Site "Rivne UKR"]
[Date "2016.12.09"]
[Round "2.1"]
[White "Rakhmangulova, Anastasiya"]
[Black "Tsirulnik, Maritsa"]
[Result "1-0"]
[WhiteTitle "WIM"]
[WhiteElo "2256"]
[BlackElo "2161"]
[WhiteFideId "14117479"]
[BlackFideId "14118688"]
[EventDate "2016.12.08"]

1. d4 Nf6 2. Nc3 d5 3. Bf4 e6 4. e3 Be7 5. Bd3 O-O 6. g4 c5 7. g5 Nfd7 8. Nf3
Nc6 9. Qd2 a6 10. h4 b5 11. h5 b4 12. Na4 c4 13. Be2 a5 14. g6 fxg6 15. hxg6
hxg6 16. b3 c3 17. Qd1 Rf7 18. Bd3 Nf8 19. Qe2 e5 20. Nxe5 Nxe5 21. Bxe5 Bh4 22.
Rh2 Qg5 23. O-O-O Bg4 24. Qe1 Bxd1 25. Kxd1 Qd8 26. Qh1 Rxf2 27. Rxh4 Ra7 28.
Rh8+ Kf7 29. Bxg6+ 1-0

[Event "76th ch-UKR Women 2016"]
[Site "Rivne UKR"]
[Date "2016.12.09"]
[Round "2.2"]
[White "Martynkova, Olena"]
[Black "Buksa, Nataliya"]
[Result "1/2-1/2"]
[WhiteTitle "WFM"]
[BlackTitle "WGM"]
[WhiteElo "2280"]
[BlackElo "2264"]
[WhiteFideId "14134039"]
[BlackFideId "14123622"]
[EventDate "2016.12.08"]

1. Nf3 d5 2. d4 Nf6 3. c4 e6 4. g3 dxc4 5. Bg2 Nc6 6. Qa4 Bb4+ 7. Bd2 Nd5 8.
Bxb4 Nxb4 9. O-O Rb8 10. Na3 O-O 11. Qb5 b6 12. Qxc4 Ba6 13. Nb5 Qd5 14. Qxd5
Nxd5 15. a4 Na5 16. Ne5 Rbd8 17. Nxa7 Nb4 18. Rac1 Rxd4 19. Rxc7 Bxe2 20. Rfc1
Rfd8 21. h4 f6 22. Nec6 Nbxc6 23. Nxc6 Nxc6 24. R1xc6 R8d6 25. Rxd6 Rxd6 26. Rb7
Bd1 27. Ra7 Bb3 28. Ra6 Kf7 29. Kh2 Ke7 30. Ra7+ Rd7 31. Ra6 Rd6 32. Ra7+ Rd7
33. Ra6 Rd6 34. Ra7+ Rd7 35. Ra6 Rd6 36. Ra7+ 1/2-1/2

[Event "76th ch-UKR Women 2016"]
[Site "Rivne UKR"]
[Date "2016.12.09"]
[Round "2.3"]
[White "Gaponenko, Inna"]
[Black "Malakhova, Elizaveta"]
[Result "1/2-1/2"]
[WhiteTitle "IM"]
[BlackTitle "WGM"]
[WhiteElo "2411"]
[BlackElo "2270"]
[WhiteFideId "14101181"]
[BlackFideId "14117665"]
[EventDate "2016.12.08"]

1. e4 e5 2. Nf3 Qe7 3. Nc3 c6 4. d4 d6 5. a4 Nf6 6. Be2 Qc7 7. O-O Be7 8. b3 Bg4
9. Ba3 Bxf3 10. Bxf3 Nbd7 11. Qd2 Nf8 12. Rfd1 Ne6 13. Ne2 h6 14. g3 O-O-O 15.
Bg2 c5 16. dxe5 dxe5 17. Qc3 Rxd1+ 18. Rxd1 Rd8 19. Rxd8+ Qxd8 20. Qd3 Qxd3 21.
cxd3 Kd7 22. f4 c4 23. Bxe7 cxd3 24. Bb4 dxe2 25. fxe5 Ng4 26. Bf3 Nxe5 27. Bxe2
Nd4 1/2-1/2

[Event "76th ch-UKR Women 2016"]
[Site "Rivne UKR"]
[Date "2016.12.09"]
[Round "2.4"]
[White "Babiy, Olga"]
[Black "Ivanenko, Olga I."]
[Result "1/2-1/2"]
[WhiteTitle "WGM"]
[BlackTitle "WFM"]
[WhiteElo "2322"]
[BlackElo "2261"]
[WhiteFideId "14117258"]
[BlackFideId "14121093"]
[EventDate "2016.12.08"]

1. e4 c5 2. Nf3 a6 3. c3 d6 4. d4 Qc7 5. Bd3 g6 6. O-O Bg7 7. h3 e5 8. b4 cxd4
9. cxd4 exd4 10. Bb2 Nc6 11. Qa4 Ne7 12. b5 Ne5 13. Nxe5 dxe5 14. bxa6+ Bd7 15.
Qb4 bxa6 16. Ba3 Bf6 17. Rc1 Qd8 18. f4 Be6 19. Nd2 Rb8 20. Qa4+ Bd7 21. Qxa6
Rb6 22. Qa5 Nc6 23. Qd5 Ne7 24. Bxe7 Bxe7 25. Qxe5 O-O 26. Qc7 Bb4 27. Qxd8 Rxd8
28. Nc4 Rbb8 29. f5 Bb5 30. Rab1 Bc3 31. fxg6 hxg6 32. Rf1 Kg7 33. Rb3 Bxc4 34.
Bxc4 f6 35. Ra3 Rd7 36. Rf3 Rb1+ 37. Kh2 Bb4 38. Rad3 Bd6+ 39. g3 Rc7 40. Rb3
Ra1 41. Bd3 Rxa2+ 42. Kg1 Rc1+ 43. Rf1 Rxf1+ 1/2-1/2

[Event "76th ch-UKR Women 2016"]
[Site "Rivne UKR"]
[Date "2016.12.09"]
[Round "2.5"]
[White "Osmak, Iulija"]
[Black "Dolzhykova, Kateryna"]
[Result "1/2-1/2"]
[WhiteTitle "WGM"]
[BlackTitle "WIM"]
[WhiteElo "2346"]
[BlackElo "2269"]
[WhiteFideId "14101602"]
[BlackFideId "14113414"]
[EventDate "2016.12.08"]

1. e4 c5 2. Nf3 d6 3. d4 cxd4 4. Nxd4 Nf6 5. Nc3 g6 6. Be3 Bg7 7. Be2 O-O 8. Qd2
Ng4 9. Bxg4 Bxg4 10. f3 Bd7 11. O-O-O Nc6 12. Nxc6 bxc6 13. Bh6 Qa5 14. Bxg7
Kxg7 15. h4 h5 16. b3 Qa3+ 17. Kb1 a5 18. e5 a4 19. exd6 axb3 20. cxb3 Bf5+ 21.
Ne4 exd6 22. Qb2+ Qxb2+ 23. Kxb2 Bxe4 24. fxe4 f5 25. exf5 Rxf5 26. Rd2 d5 27.
Rc1 Rc8 28. Rdc2 Rf6 29. a4 Kf7 30. b4 Ke7 31. b5 Rf4 32. Rxc6 Ra8 33. Rc7+ Kd8
34. R7c5 Raxa4 35. Rxd5+ Ke7 36. Rc7+ Ke6 37. Rg5 Rxh4 38. Rc6+ Kf7 39. b6 Rhb4+
40. Kc3 Rb1 41. Rgxg6 Rab4 42. Rgf6+ Kg7 43. Rfd6 R1b3+ 44. Kd2 Rb2+ 45. Ke1
Rb1+ 46. Kf2 R1b2+ 47. Kg3 R2b3+ 48. Kh2 Rh4+ 49. Kg1 Rf4 50. Rc7+ Rf7 51. Rxf7+
Kxf7 52. Kf2 h4 53. Rc6 h3 54. g4 Rb2+ 55. Kg3 h2 56. Rh6 h1=Q 57. Rxh1 Rxb6 58.
Rc1 Kg6 59. Kh4 Ra6 60. Rc5 Rb6 61. Rg5+ Kh6 62. Rg8 Kh7 63. Ra8 Kg6 64. Rg8+
Kh7 1/2-1/2

[Event "76th ch-UKR Women 2016"]
[Site "Rivne UKR"]
[Date "2016.12.10"]
[Round "3.1"]
[White "Dolzhykova, Kateryna"]
[Black "Rakhmangulova, Anastasiya"]
[Result "0-1"]
[WhiteTitle "WIM"]
[BlackTitle "WIM"]
[WhiteElo "2269"]
[BlackElo "2256"]
[WhiteFideId "14113414"]
[BlackFideId "14117479"]
[EventDate "2016.12.08"]

1. e4 e5 2. Nf3 Nc6 3. Nc3 Nf6 4. d4 exd4 5. Nxd4 Bb4 6. Nxc6 bxc6 7. Bd3 d5 8.
exd5 cxd5 9. O-O O-O 10. Bg5 c6 11. Qf3 Be7 12. Rae1 Be6 13. Rxe6 fxe6 14. Qh3
e5 15. Bxf6 Bxf6 16. Qxh7+ Kf7 17. Qg6+ Ke7 18. f4 Qb6+ 19. Kh1 Qxb2 20. fxe5
Bxe5 21. Bf5 Rxf5 22. Nxd5+ cxd5 23. Qxf5 Rh8 24. h3 Qc3 25. Qf7+ Kd6 26. Qg6+
Kc5 27. Qe6 Qg3 28. Qe7+ Kc4 0-1

[Event "76th ch-UKR Women 2016"]
[Site "Rivne UKR"]
[Date "2016.12.10"]
[Round "3.2"]
[White "Ivanenko, Olga I."]
[Black "Osmak, Iulija"]
[Result "1/2-1/2"]
[WhiteTitle "WFM"]
[BlackTitle "WGM"]
[WhiteElo "2261"]
[BlackElo "2346"]
[WhiteFideId "14121093"]
[BlackFideId "14101602"]
[EventDate "2016.12.08"]

1. e4 d6 2. d4 Nf6 3. Nc3 e5 4. Nf3 Nbd7 5. g4 Nxg4 6. Rg1 Ngf6 7. Bc4 h6 8. Be3
c6 9. dxe5 dxe5 10. Qe2 b5 11. O-O-O bxc4 12. Nxe5 Qc7 13. Nxf7 Kxf7 14. Qxc4+
Ke8 15. Qe6+ Be7 16. Rxg7 Ne5 17. Qxf6 Bxf6 18. Rxc7 Bd8 19. Rg7 Bf6 20. Rc7 Bd8
21. Rg7 Bf6 22. Rc7 Bd8 23. Nb1 1/2-1/2

[Event "76th ch-UKR Women 2016"]
[Site "Rivne UKR"]
[Date "2016.12.10"]
[Round "3.3"]
[White "Malakhova, Elizaveta"]
[Black "Babiy, Olga"]
[Result "1/2-1/2"]
[WhiteTitle "WGM"]
[BlackTitle "WGM"]
[WhiteElo "2270"]
[BlackElo "2322"]
[WhiteFideId "14117665"]
[BlackFideId "14117258"]
[EventDate "2016.12.08"]

1. d4 Nf6 2. c4 e6 3. Nc3 Bb4 4. e3 O-O 5. Ne2 d5 6. a3 Bd6 7. Ng3 dxc4 8. Bxc4
Nc6 9. f4 a6 10. O-O b5 11. Bd3 Bb7 12. Nce4 Nxe4 13. Nxe4 Be7 14. Qe1 f5 15.
Nf2 Nxd4 16. exd4 Qd5 17. Be4 fxe4 18. Be3 Qf5 19. Rc1 Bd6 20. Nh1 Bd5 21. Qh4
Qg6 22. g4 Rf7 23. Ng3 Raf8 24. Nh5 Bc4 25. Rf2 Rd7 26. Kh1 Be7 27. Qh3 Qe8 28.
f5 g6 29. fxg6 hxg6 30. Rxf8+ Qxf8 31. Nf4 g5 32. Ng6 Qf6 33. Ne5 Rd8 34. Rc2
Rf8 35. Rf2 Qg7 36. Rxf8+ Bxf8 37. Qh5 Be7 38. Qe8+ Kh7 39. Qh5+ Kg8 40. Qe8+
Kh7 41. Qh5+ Kg8 42. Qe8+ Kh7 43. Qh5+ Kg8 44. Qe8+ Kh7 1/2-1/2

[Event "76th ch-UKR Women 2016"]
[Site "Rivne UKR"]
[Date "2016.12.10"]
[Round "3.4"]
[White "Buksa, Nataliya"]
[Black "Gaponenko, Inna"]
[Result "0-1"]
[WhiteTitle "WGM"]
[BlackTitle "IM"]
[WhiteElo "2264"]
[BlackElo "2411"]
[WhiteFideId "14123622"]
[BlackFideId "14101181"]
[EventDate "2016.12.08"]

1. e4 c6 2. d4 d5 3. e5 Bf5 4. Nf3 e6 5. Be3 Nd7 6. Nbd2 Ne7 7. Be2 Bg6 8. Nb3
Nf5 9. O-O a6 10. Bd2 c5 11. dxc5 Nxc5 12. Nxc5 Bxc5 13. Bd3 O-O 14. Qe2 Qc7 15.
c3 Rfd8 16. Rad1 Rd7 17. h3 Ng3 18. Qe1 Bxd3 0-1

[Event "76th ch-UKR Women 2016"]
[Site "Rivne UKR"]
[Date "2016.12.10"]
[Round "3.5"]
[White "Tsirulnik, Maritsa"]
[Black "Martynkova, Olena"]
[Result "1-0"]
[BlackTitle "WFM"]
[WhiteElo "2161"]
[BlackElo "2280"]
[WhiteFideId "14118688"]
[BlackFideId "14134039"]
[EventDate "2016.12.08"]

1. d4 Nf6 2. c4 g6 3. Nf3 Bg7 4. Nc3 O-O 5. g3 d6 6. Bg2 Nbd7 7. O-O e5 8. b3
exd4 9. Nxd4 Re8 10. e4 Nc5 11. f3 a5 12. Be3 Bd7 13. Qd2 Qe7 14. Rad1 Rad8 15.
Rfe1 c6 16. Qf2 Bf8 17. Nc2 Be6 18. Nd5 cxd5 19. exd5 Bg7 20. dxe6 fxe6 21. Nd4
a4 22. b4 Ncd7 23. Bh3 Nf8 24. Nb5 d5 25. Bb6 Rc8 26. Bc5 Qd7 27. Nd6 b6 28.
Nxe8 bxc5 29. Nxg7 Kxg7 30. cxd5 cxb4 31. dxe6 Qe7 32. Rd7 1-0

[Event "76th ch-UKR Women 2016"]
[Site "Rivne UKR"]
[Date "2016.12.11"]
[Round "4.1"]
[White "Rakhmangulova, Anastasiya"]
[Black "Martynkova, Olena"]
[Result "1-0"]
[WhiteTitle "WIM"]
[BlackTitle "WFM"]
[WhiteElo "2256"]
[BlackElo "2280"]
[WhiteFideId "14117479"]
[BlackFideId "14134039"]
[EventDate "2016.12.08"]

1. d4 Nf6 2. Bg5 Ne4 3. Bf4 c5 4. f3 Qa5+ 5. c3 Nf6 6. Nd2 cxd4 7. Nb3 Qb6 8.
Qxd4 Qxd4 9. cxd4 d5 10. Rc1 Nc6 11. g4 e6 12. e3 Be7 13. Bd3 Bd7 14. a3 Rc8 15.
Ne2 O-O 16. Kf2 Rfd8 17. h4 Be8 18. h5 Nd7 19. Nc3 a6 20. Bg3 b5 21. a4 Nb4 22.
Be2 bxa4 23. Nxa4 Nf6 24. Nac5 Bb5 25. g5 Nd7 26. Bxb5 Nxc5 27. Nxc5 axb5 28.
Ke2 Bxg5 29. Nb7 Rxc1 30. Rxc1 Ra8 31. Bd6 Na6 32. f4 Bf6 33. Rc6 h6 34. Rb6 b4
35. Nc5 Nxc5 36. dxc5 Bxb2 37. c6 Bf6 38. c7 Kh7 39. Rb8 1-0

[Event "76th ch-UKR Women 2016"]
[Site "Rivne UKR"]
[Date "2016.12.11"]
[Round "4.2"]
[White "Gaponenko, Inna"]
[Black "Tsirulnik, Maritsa"]
[Result "1/2-1/2"]
[WhiteTitle "IM"]
[WhiteElo "2411"]
[BlackElo "2161"]
[WhiteFideId "14101181"]
[BlackFideId "14118688"]
[EventDate "2016.12.08"]

1. e4 c5 2. Nf3 e6 3. d4 cxd4 4. Nxd4 Qb6 5. Nc3 Bc5 6. Na4 Qa5+ 7. Nc3 Qb6 8.
Na4 Qa5+ 9. Nc3 Qb6 10. Be3 Qd8 1/2-1/2

[Event "76th ch-UKR Women 2016"]
[Site "Rivne UKR"]
[Date "2016.12.11"]
[Round "4.3"]
[White "Babiy, Olga"]
[Black "Buksa, Nataliya"]
[Result "0-1"]
[WhiteTitle "WGM"]
[BlackTitle "WGM"]
[WhiteElo "2322"]
[BlackElo "2264"]
[WhiteFideId "14117258"]
[BlackFideId "14123622"]
[EventDate "2016.12.08"]

1. c4 e6 2. Nc3 d5 3. d4 a6 4. cxd5 exd5 5. Nf3 Nf6 6. Bg5 Be7 7. e3 O-O 8. Qc2
Be6 9. Bd3 h6 10. Bxf6 Bxf6 11. O-O-O Nc6 12. Qd2 a5 13. Rdg1 a4 14. g4 a3 15.
b3 Nb4 16. h4 Be7 17. Ne5 c5 18. g5 h5 19. g6 f6 20. Nf3 Nxd3+ 21. Qxd3 Rc8 22.
dxc5 Bxc5 23. Kb1 Qd7 24. Nd4 Bxd4 25. Qxd4 Rfd8 26. Ka1 Bf5 27. Rd1 Bxg6 28.
Rhg1 Qf5 29. Rd2 Kh7 30. f4 Bf7 31. Rdg2 g6 32. Nb5 Rc6 33. Nxa3 Rdc8 34. Kb2
Kh6 35. Rd2 Rc5 36. Rgg2 b6 37. Nc2 Be6 38. Ne1 R5c6 39. Nd3 Bf7 40. Nb4 Rc5 41.
Nc2 Be6 42. Qb4 b5 43. Qd4 Kg7 44. Nb4 Qh3 45. Qd3 Bf5 46. Qd4 Be4 47. Rh2 Qg3
48. Nd3 R5c6 49. Rhe2 Qxh4 50. Nf2 Bf3 51. Re1 Qg3 52. Rf1 h4 53. Qd3 b4 54. Nh1
Qh3 55. Nf2 Qg2 56. Qb1 Bh5 57. Rg1 Qf3 58. Qd3 h3 59. Nd1 Rc1 60. f5 g5 61. Qd4
Qxf5 62. e4 dxe4 63. Ne3 Qc5 64. Qxc5 R1xc5 65. Rh2 Bf3 66. Rxh3 Rh8 67. Rxh8
Kxh8 68. Nc2 Rb5 69. a4 bxa3+ 70. Nxa3 Rb8 71. Kc3 Kg7 72. b4 Kg6 73. Nc4 g4 74.
Rb1 Be2 75. Nd6 f5 76. Kd4 Bd3 77. Rc1 Rxb4+ 78. Ke5 e3 79. Rc8 e2 80. Rg8+ Kh7 0-1

[Event "76th ch-UKR Women 2016"]
[Site "Rivne UKR"]
[Date "2016.12.11"]
[Round "4.4"]
[White "Osmak, Iulija"]
[Black "Malakhova, Elizaveta"]
[Result "0-1"]
[WhiteTitle "WGM"]
[BlackTitle "WGM"]
[WhiteElo "2346"]
[BlackElo "2270"]
[WhiteFideId "14101602"]
[BlackFideId "14117665"]
[EventDate "2016.12.08"]

1. e4 e5 2. Nf3 Nf6 3. Nxe5 d6 4. Nf3 Nxe4 5. d4 Nf6 6. c4 Be7 7. Nc3 Bg4 8. h3
Bh5 9. g4 Bg6 10. Nh4 d5 11. Nxg6 hxg6 12. Bg2 c6 13. Qb3 Qd7 14. cxd5 O-O 15.
Be3 Rd8 16. dxc6 Nxc6 17. Rd1 Na5 18. Qc2 Rac8 19. O-O Nc4 20. Bc1 b5 21. Qe2
Re8 22. Qf3 b4 23. Ne2 Bd6 24. Ng3 Nb6 25. g5 Nfd5 26. h4 Bxg3 27. fxg3 Rc2 28.
Rf2 Rxc1 29. Rxc1 Re3 30. Qd1 Rxg3 31. Qc2 Ne3 32. Qc6 Qh3 33. Re1 Nbd5 34. Qe8+
Kh7 35. Qe4 Rg4 36. h5 Nxg2 37. hxg6+ fxg6 38. Rxg2 Rxe4 39. Rxe4 Qd3 40. Reg4
Qe3+ 41. Kh2 Nf4 42. R4g3 Nxg2 43. Rxe3 Nxe3 44. Kg3 Nf5+ 45. Kf4 Nxd4 46. Ke4
Ne6 47. Kd5 Nxg5 48. Kc4 Nf3 49. Kxb4 g5 50. Kc4 g4 51. Kd3 g3 52. Ke2 g2 0-1

[Event "76th ch-UKR Women 2016"]
[Site "Rivne UKR"]
[Date "2016.12.11"]
[Round "4.5"]
[White "Dolzhykova, Kateryna"]
[Black "Ivanenko, Olga I."]
[Result "0-1"]
[WhiteTitle "WIM"]
[BlackTitle "WFM"]
[WhiteElo "2269"]
[BlackElo "2261"]
[WhiteFideId "14113414"]
[BlackFideId "14121093"]
[EventDate "2016.12.08"]

1. e4 c5 2. Nf3 a6 3. c3 d6 4. d4 Qc7 5. Bd3 g6 6. O-O Bg7 7. Be3 Nf6 8. h3 O-O
9. Qd2 e5 10. Bh6 Nc6 11. d5 Ne7 12. a4 Ne8 13. Na3 f5 14. Rfe1 Nf6 15. exf5
gxf5 16. Qg5 Ng6 17. Bxg7 Kxg7 18. Bxf5 Bxf5 19. Qxf5 Nxd5 20. Qe4 Nf6 21. Ng5
Rae8 22. Qf5 Qe7 23. Ne4 d5 24. Nxf6 Rxf6 25. Qg5 Kh8 26. Re3 Qf7 27. Rf1 Rf5
28. Qh6 Rf8 29. f3 Rg8 30. Kh2 Nf4 31. g4 Rf6 32. Qh4 d4 33. Re4 Ng6 34. Qg3 Rf8
35. h4 Qd5 36. g5 Rf4 37. Rxf4 Rxf4 38. h5 Nh4 39. cxd4 Nxf3+ 40. Rxf3 Rxf3 41.
Qxe5+ Qxe5+ 42. dxe5 Rf5 43. Nc4 Rxg5 44. Nd6 Kg8 45. e6 Rxh5+ 46. Kg3 Re5 47.
Nxb7 Rxe6 48. Nxc5 Rc6 49. Nd3 Rc4 50. a5 Ra4 51. Nc5 Rxa5 52. b4 Ra3+ 53. Kf4
Kg7 54. Kf5 Kf7 55. Ne4 Ke7 56. Kg5 Rb3 57. Nc5 Rxb4 58. Nxa6 Rb5+ 59. Kf4 Kd6 0-1

[Event "76th ch-UKR Women 2016"]
[Site "Rivne UKR"]
[Date "2016.12.13"]
[Round "5.1"]
[White "Ivanenko, Olga I."]
[Black "Rakhmangulova, Anastasiya"]
[Result "1-0"]
[WhiteTitle "WFM"]
[BlackTitle "WIM"]
[WhiteElo "2261"]
[BlackElo "2256"]
[WhiteFideId "14121093"]
[BlackFideId "14117479"]
[EventDate "2016.12.08"]

1. b3 e5 2. Bb2 Nc6 3. e3 Nf6 4. Bb5 Bd6 5. Na3 e4 6. Bxc6 dxc6 7. Nc4 Be7 8.
Ne2 h5 9. Ne5 h4 10. h3 Nd7 11. Ng4 Nf6 12. Ne5 Nd7 13. Nxd7 Bxd7 14. d3 Bf5 15.
Nd4 Qd7 16. Nxf5 Qxf5 17. Qg4 Qxg4 18. hxg4 exd3 19. cxd3 O-O-O 20. Ke2 Rh6 21.
f3 g5 22. Rac1 c5 23. Rc4 Ra6 24. Ra1 f6 25. Re4 Kd7 26. f4 Rg8 27. f5 h3 28.
Kf3 h2 29. Ra4 Rxa4 30. bxa4 Rh8 31. Rh1 c6 32. e4 Kd6 33. Bc3 b5 34. Be1 Kd7
35. Bc3 Kd6 36. Be1 Kc7 37. Bc3 b4 38. Bb2 Kd6 39. Kg3 Bd8 40. Rxh2 Rxh2 41.
Kxh2 c4 42. dxc4 Kc5 43. e5 Bc7 44. g3 fxe5 45. f6 Kxc4 46. f7 Bd6 47. Bxe5 Bf8
48. Bf6 Kd5 49. Bxg5 c5 50. Kg2 c4 51. Kf3 b3 52. axb3 cxb3 53. Bf6 Ba3 54. Bb2
Bd6 55. g5 Ke6 56. g6 Ke7 57. g4 a5 58. Ke4 Bb4 59. Bg7 Ke6 60. Kd3 1-0

[Event "76th ch-UKR Women 2016"]
[Site "Rivne UKR"]
[Date "2016.12.13"]
[Round "5.2"]
[White "Malakhova, Elizaveta"]
[Black "Dolzhykova, Kateryna"]
[Result "0-1"]
[WhiteTitle "WGM"]
[BlackTitle "WIM"]
[WhiteElo "2270"]
[BlackElo "2269"]
[WhiteFideId "14117665"]
[BlackFideId "14113414"]
[EventDate "2016.12.08"]

1. c4 e5 2. Nc3 Bb4 3. Nd5 Bd6 4. d4 c6 5. Nc3 Qe7 6. dxe5 Bxe5 7. Nf3 Bc7 8.
Qd4 Nf6 9. Bg5 d6 10. O-O-O Nbd7 11. Qh4 h6 12. Nd4 Rg8 13. Bxf6 Nxf6 14. Qf4 d5
15. Qd2 dxc4 16. e4 Be6 17. e5 Bxe5 18. Nxe6 Qxe6 19. Bxc4 Qxc4 20. Rhe1 Qe6 21.
Rxe5 Qxe5 22. Re1 Qxe1+ 23. Qxe1+ Kd7 24. Qd2+ Kc8 25. Qf4 Re8 26. Qg3 g6 27.
Qd6 Nd7 28. Qd4 Kc7 29. Kc2 b6 30. f4 h5 31. Qc4 Re6 32. b4 Kb7 33. Qd4 Nf6 34.
Kb3 Rc8 35. a4 c5 36. bxc5 Rxc5 37. Nb5 Rd5 38. Qc3 Rc6 39. Qe3 a6 40. Nd4 Rcd6
41. Qe7+ Rd7 42. Qxf6 Rxd4 43. Qe5 a5 44. Qe8 Rb4+ 45. Kc3 Rc7+ 46. Kd3 Rxf4 47.
Qb5 Rf5 48. Qe8 Rfc5 49. Qe4+ Ka7 50. Qe8 R5c6 51. Qd8 Rc3+ 52. Ke2 Rc2+ 53. Kf3
R7c3+ 54. Ke4 f5+ 55. Ke5 Rc5+ 56. Kf6 f4 57. h4 Rxg2 58. Qe7+ Kb8 59. Qe4 f3
60. Kg7 g5 61. Qxf3 Rg4 62. hxg5 Rgxg5+ 63. Kh6 Rgd5 64. Qf4+ Rc7 65. Kg6 Kb7
66. Qe4 Rc6+ 67. Kf7 Rdc5 68. Qh1 b5 69. axb5 Rxb5 70. Ke7 a4 71. Kd7 Rc5 72.
Qb1+ Rb6 73. Qe4+ Rcc6 74. Qxa4 Re6 75. Qf4 Rbd6+ 76. Qxd6 Rxd6+ 77. Kxd6 h4 0-1